Go for it: (Record no. 12725)

000 -LEADER
fixed length control field 00556nam a2200181 a 4500
001 - CONTROL NUMBER
control field :::00010539$&:&@@
003 - CONTROL NUMBER IDENTIFIER
control field OkBaRHE
005 - DATE AND TIME OF LATEST TRANSACTION
control field 20000607103359.0
008 - FIXED-LENGTH DATA ELEMENTS--GENERAL INFORMATION
fixed length control field s1983 j 000 0 eng u
040 ## - CATALOGING SOURCE
Transcribing agency
100 1# - MAIN ENTRY--PERSONAL NAME
Personal name Osborn, Tommy Lee.
245 10 - TITLE STATEMENT
Title Go for it:
Remainder of title get the best out of life.
260 ## - PUBLICATION, DISTRIBUTION, ETC. (IMPRINT)
Place of publication, distribution, etc Tulsa, OK., :
Name of publisher, distributor, etc Osborn Foundation International
Date of publication, distribution, etc c1983
300 ## - PHYSICAL DESCRIPTION
Extent 285 p. ;
Dimensions 18 cm.
650 ## - SUBJECT ADDED ENTRY--TOPICAL TERM
Topical term or geographic name as entry element Christian Life
942 ## - ADDED ENTRY ELEMENTS (KOHA)
Source of classification or shelving scheme
Koha item type Books
Copies
Damaged status Source of classification or shelving scheme Koha item type Full call number Permanent Location Shelving location Current Location Lost status Total Checkouts Barcode Date checked out Not for loan Withdrawn status Price effective from Copy number Date last seen Total Renewals Date acquired
  BooksBV 4501 .O8RHEMA Bible Training CollegeGeneral StacksRHEMA Bible Training College 2105392014-12-01  2010-04-1412014-12-0122010-04-14